Central Library OPAC University of Rajshahi

মেঘের আড়ি মেঘের বাড়ি / (Record no. 64329)

MARC details
000 -LEADER
fixed length control field 00813nam a2200229 a 4500
001 - CONTROL NUMBER
control field 64329
003 - CONTROL NUMBER IDENTIFIER
rucl marc code BD-RjUL
005 - DATE AND TIME OF LATEST TRANSACTION
control field 20211209081308.0
008 - FIXED-LENGTH DATA ELEMENTS--GENERAL INFORMATION
fixed length control field 170213s2005 bg ||||| |||| 00| 0 ben d
020 ## - INTERNATIONAL STANDARD BOOK NUMBER
International Standard Book Number 9843220721
Terms of availability : Tk.60.00
035 ## - SYSTEM CONTROL NUMBER
System control number (BD-RjUL)64459
040 ## - CATALOGING SOURCE
Original cataloging agency BD-RjUL
Language of cataloging ben
Transcribing agency BD-RjUL
Modifying agency BD-RjUL
041 ## - LANGUAGE CODE
Language code of text/sound track or separate title ben
082 ## - DEWEY DECIMAL CLASSIFICATION NUMBER
Edition number 23
Classification number 891.441
Author mark and year ISM 2005
100 ## - MAIN ENTRY--PERSONAL NAME
Personal name ইসলাম, আনোয়ারুল
9 (RLIN) 178152
245 10 - TITLE STATEMENT
Title মেঘের আড়ি মেঘের বাড়ি /
Statement of responsibility, etc. আনোয়ারুল ইসলাম
260 ## - PUBLICATION, DISTRIBUTION, ETC. (IMPRINT)
Place of publication, distribution, etc. ঢাকা :
Name of publisher, distributor, etc. অনি আলমগীর,
Date of publication, distribution, etc. ২০০৫
300 ## - PHYSICAL DESCRIPTION
Pagination ৪৮ পৃ. :
Illustrations চিত্র ;
Size ২৫ সেমি.
650 ## - SUBJECT ADDED ENTRY--TOPICAL TERM
Topical term or geographic name as entry element বাংলা কবিতা
9 (RLIN) 117445
Topical term or geographic name as entry element Bengali Poetry
9 (RLIN) 146528
942 ## - ADDED ENTRY ELEMENTS (KOHA)
Source of classification or shelving scheme Dewey Decimal Classification
Koha item type Books
Holdings
Lost status Source of classification or shelving scheme Damaged status Not for loan Collection code Permanent Location Current Location Shelving location Date acquired Source of acquisition Total Checkouts Full call number Date last seen Copy number Koha item type
  Dewey Decimal Classification   Not For Loan Non-fiction Central Library, University of Rajshahi Central Library, University of Rajshahi Reading Room 25/01/2006 Gift   B 891.441 ISM 2005 13/02/2017 C-1 Books